The beautiful India : Andhra Pradesh (Record no. 130377)
[ view plain ]
| 000 -LEADER | |
|---|---|
| fixed length control field | 00723nam a22002177a 4500 |
| 005 - DATE AND TIME OF LATEST TRANSACTION | |
| control field | 20240809172928.0 |
| 010 ## - LCCN (DPL NO) | |
| LC control number | B-159869 |
| 020 ## - INTERNATIONAL STANDARD BOOK NUMBER | |
| Terms of availability | 950.00 |
| International Standard Book Number | 8188583758 |
| 035 ## - SYSTEM CONTROL NUMBER | |
| System control number | B-159869 B-159881 |
| 037 ## - SOURCE OF ACQUISITION | |
| Source of stock number/acquisition | Cen Lib/Ret |
| 082 ## - DEWEY DECIMAL CLASSIFICATION NUMBER | |
| Classification number | 954.35 |
| Item number | BEA |
| 245 ## - TITLE STATEMENT | |
| Title | The beautiful India : Andhra Pradesh |
| Statement of responsibility, etc | edited by S.A.Rahman |
| 260 ## - PUBLICATION, DISTRIBUTION, ETC. (IMPRINT) | |
| Place of publication, distribution, etc | New Delhi |
| Name of publisher, distributor, etc | Reference Press |
| Date of publication, distribution, etc | 2005 |
| 270 ## - ADDRESS | |
| City | New Delhi |
| Address | 4831/24, Ansari Road, Darya Ganj |
| Postal code | 110002 |
| 300 ## - PHYSICAL DESCRIPTION | |
| Extent | xii,446p. |
| Dimensions | 22cm(Hb) |
| 500 ## - GENERAL NOTE | |
| General note | Includes bibliographical references |
| 650 ## - SUBJECT ADDED ENTRY--TOPICAL TERM | |
| Topical term or geographic name as entry element | Andhra Pradesh (India) |
| 650 ## - SUBJECT ADDED ENTRY--TOPICAL TERM | |
| Topical term or geographic name as entry element | Language and literature of Andhra Pradesh |
| 700 ## - ADDED ENTRY--PERSONAL NAME | |
| Personal name | S.A.Rahman |
| 9 (RLIN) | 28212 |
| 942 ## - ADDED ENTRY ELEMENTS (KOHA) | |
| Source of classification or shelving scheme | Dewey Decimal Classification |
| Item type | English Books |
| Classification part | 954.35 |
| Call number suffix | BEA |
| Withdrawn status | Lost status | Not for loan | Home library | Current library | Date acquired | Source of acquisition | Cost, normal purchase price | Full call number | Barcode | Copy number | Cost, replacement price | Koha item type | Collection code |
|---|---|---|---|---|---|---|---|---|---|---|---|---|---|
| Central Library | Central Library | 09/07/2015 | Cen Lib/Ret | 950.00 | 954.35 BEA | B-159869 | 1 | 950.00 | English Books | ||||
| Central Library | Central Library | 28/07/2015 | Cen Lib/Ret | 950.00 | 954.35 BEA | B-159870 | 2 | 950.00 | English Books | ||||
| R.C.Libraries (zls) | R.C.Libraries (zls) | 17/11/2018 | 950.00 | 954.35 BEA | B-159881 | 950.00 | English Books | Non-fiction | |||||
| Sarojini Nagar | Sarojini Nagar | 07/02/2019 | 954.35 BEA | B-159874 | English Books | Non-fiction | |||||||
| Sarojini Nagar | Sarojini Nagar | 07/02/2019 | 954.35 BEA | B-159882 | English Books | Non-fiction | |||||||
| Sarojini Nagar | Sarojini Nagar | 09/08/2024 | 950.00 | 954.35 BEA | B-159879 | 950.00 | English Books | Non-fiction |
